Los páramos circundantes de la Sabana de Bogotá
সংরক্ষণ করুন:
| প্রধান লেখক: | |
|---|---|
| বিন্যাস: | গ্রন্থ |
| ভাষা: | স্প্যানিশ |
| প্রকাশিত: |
Bogotá
Jardín Botánico de Bogotá José Celestino Mutis
2015
|
| সংস্করন: | 2a. ed |
| মালা: | Colección Pérez Arbeláez
|
| বিষয়গুলি: | |
| ট্যাগগুলো: |
ট্যাগ যুক্ত করুন
কোনো ট্যাগ নেই, প্রথমজন হিসাবে ট্যাগ করুন!
|
MARC
| LEADER | 00000cam a2200000 a 4500 | ||
|---|---|---|---|
| 001 | UCD0718 | ||
| 003 | CL-VaPUC | ||
| 008 | 151210e20150000ck |||||||||||||||||spa|d | ||
| 020 | |a 9789588576237 | ||
| 082 | 0 | 4 | |a 630 |b GUH |2 21 |
| 100 | 0 | |a Guhl Nimtz, Ernesto |e author |9 583723 | |
| 245 | 1 | 4 | |a Los páramos circundantes de la Sabana de Bogotá |
| 250 | |a 2a. ed | ||
| 300 | |a 240 p | ||
| 942 | |c BK | ||
| 945 | |d 20151210 22:58:00 |a arojas | ||
| 260 | |a Bogotá |b Jardín Botánico de Bogotá José Celestino Mutis |c 2015 | ||
| 500 | |a Edición conmemorativa | ||
| 650 | 0 | |a Ecología |9 258124 | |
| 650 | 7 | |a SABANAS |2 CL-VaPUC |9 357982 | |
| 651 | 0 | |a Bogotá |9 323524 | |
| 583 | |a last modification |c 20151210 22:58:00 |k Rodrigo Vera | ||
| 490 | 0 | |a Colección Pérez Arbeláez | |
| 999 | |c 362180 |d 362178 | ||
| 952 | |0 0 |1 0 |3 erb |4 0 |6 630_000000000000000_GUH_2015 |7 0 |8 C |9 473136 |a BIBCUR |b BIBCUR |i 5256658 |o 630 GUH 2015 |p 5256658 |r 2025-04-22 |w 2019-11-24 |y BK |z Catalogado en:20151210 |k CAC | ||